000 00321nam a22001337a 4500
020 _a0 333 54669 5
041 _aENG
100 _aKordylas.J.M
245 _aProcessing and Presrvation of Tropical and Subtropical Foods
260 _aHong Kong
_bELBS
_c1990
300 _a414
650 _aAPE ( 02 )
856 _uAPE ( 02 )
999 _c2815
_d2815